| 000 | 00828nam a2200241 a 4500 | ||
|---|---|---|---|
| 999 |
_c914 _d914 |
||
| 001 | 3546 | ||
| 003 | BD-DhUAP | ||
| 005 | 20200129100955.0 | ||
| 008 | 200129s2000 bg b 001 0 eng d | ||
| 020 | _a9840515276 | ||
| 040 |
_aDLC _cDLC _bEng _dBD-DhUAP |
||
| 082 | 0 | 0 |
_a338.0409549 ISL _223 |
| 100 | 1 | _aIslam, Nazrul. | |
| 245 | 1 | 0 |
_aEntrepreneurship development : _ban operational approach : text & cases with special reference to Bangladesh / _cNazrul Islam and Muhammad Z. Mamun. |
| 260 |
_aDhaka : _bUniversity Press, _cc2000. |
||
| 300 |
_axxv, 264 pages : _billustrations ; _c22 cm. |
||
| 504 | _aIncludes bibliographical references (p. [248]-258) and index. | ||
| 650 | 0 |
_aEntrepreneurship _zBangladesh. |
|
| 700 | 1 | _aMamun, Muhammad Z. | |
| 942 |
_2ddc _cBK |
||